Statistics for Top 10 All-Time NBA Players By Position #1

Click here to take the quiz!

General Stats

  • This quiz has been taken 8,606 times
  • The average score is 28 of 50

Answer Stats

Hint Answer % Correct
Shooting GuardMichael Jordan
95%
Small ForwardLeBron James
95%
Point GuardMagic Johnson
92%
Shooting GuardKobe Bryant
87%
CenterShaquille O'Neal
86%
CenterKareem Abdul-Jabbar
86%
Point GuardStephen Curry
84%
CenterWilt Chamberlain
82%
Power ForwardTim Duncan
82%
Shooting GuardJerry West
81%
Small ForwardLarry Bird
80%
Point GuardJohn Stockton
77%
CenterHakeem Olajuwon
74%
CenterBill Russell
74%
Small ForwardKevin Durant
72%
Power ForwardKarl Malone
72%
CenterMoses Malone
72%
Point GuardSteve Nash
69%
Shooting GuardAllen Iverson
67%
Power ForwardDirk Nowitzki
66%
Small ForwardScottie Pippen
64%
Shooting GuardDwyane Wade
64%
Power ForwardKevin Garnett
62%
Point GuardOscar Robertson
61%
Point GuardJason Kidd
61%
Point GuardChris Paul
59%
Point GuardIsiah Thomas
58%
Small ForwardJulius Erving
58%
CenterDavid Robinson
57%
Power ForwardCharles Barkley
55%
CenterPatrick Ewing
50%
Shooting GuardRay Allen
47%
Point GuardBob Cousy
45%
Shooting GuardClyde Drexler
45%
Power ForwardDennis Rodman
42%
Power ForwardKevin McHale
39%
Small ForwardElgin Baylor
36%
Shooting GuardReggie Miller
35%
Small ForwardDominique Wilkins
33%
Power ForwardBob Pettit
33%
Small ForwardJames Worthy
30%
Small ForwardJohn Havlicek
30%
Shooting GuardGeorge Gervin
24%
Power ForwardPau Gasol
24%
CenterBill Walton
23%
CenterGeorge Mikan
22%
Point GuardWalt Frazier
22%
Power ForwardElvin Hayes
21%
Small ForwardRick Barry
18%
Shooting GuardEarl Monroe
7%

Score Distribution

Percentile by Number Answered

Percent of People with Each Score

Your Score History

You have not taken this quiz